5HLuxD.jpg

KING HENRY VIII SENIOR AND PRIMARY SCHOOL LIBRARY OPAC

Nights of rain and stars / (Record no. 5890)

000 -LEADER
fixed length control field 01261cam a2200385 a 4500
001 - CONTROL NUMBER
control field 13982999
003 - CONTROL NUMBER IDENTIFIER
control field OSt
005 - DATE AND TIME OF LATEST TRANSACTION
control field 20251127090013.0
008 - FIXED-LENGTH DATA ELEMENTS--GENERAL INFORMATION
fixed length control field 050526s2004 nyu 000 f eng c
010 ## - LIBRARY OF CONGRESS CONTROL NUMBER
LC control number 2005298422
020 ## - INTERNATIONAL STANDARD BOOK NUMBER
International Standard Book Number 9781407235165
035 ## - SYSTEM CONTROL NUMBER
System control number 13982999
035 ## - SYSTEM CONTROL NUMBER
System control number (OCoLC)56316017
040 ## - CATALOGING SOURCE
Original cataloging agency UBY
Transcribing agency UBY
Modifying agency JRS
-- NSB
-- DLC
-- KH8
042 ## - AUTHENTICATION CODE
Authentication code pcc
043 ## - GEOGRAPHIC AREA CODE
Geographic area code e-gr---
082 ## - DEWEY DECIMAL CLASSIFICATION NUMBER
Classification number FIC BIN
100 1# - MAIN ENTRY--PERSONAL NAME
Personal name Binchy, Maeve,
Relator term author.
245 10 - TITLE STATEMENT
Title Nights of rain and stars /
Statement of responsibility, etc. Maeve Binchy.
260 ## - PUBLICATION, DISTRIBUTION, ETC.
Place of publication, distribution, etc. New York :
Name of publisher, distributor, etc. Dutton,
Date of publication, distribution, etc. c2004.
300 ## - PHYSICAL DESCRIPTION
Extent 294 p. ;
Dimensions 24 cm.
336 ## - CONTENT TYPE
Content type term text
Content type code txt
Source rdacontent
337 ## - MEDIA TYPE
Media type term unmediated
Media type code n
Source rdamedia
338 ## - CARRIER TYPE
Carrier type term volume
Carrier type code nc
Source rdacarrier
520 ## - SUMMARY, ETC.
Summary, etc. In a small Greek island village, a group of travelers from around the world and the local residents they encounter are brought together when tragedy strikes.
650 #0 - SUBJECT ADDED ENTRY--TOPICAL TERM
Topical term or geographic name entry element Irish
Geographic subdivision Greece
Form subdivision Fiction.
650 #0 - SUBJECT ADDED ENTRY--TOPICAL TERM
Topical term or geographic name entry element Life change events
Form subdivision Fiction.
650 #0 - SUBJECT ADDED ENTRY--TOPICAL TERM
Topical term or geographic name entry element Taverns (Inns)
Geographic subdivision Greece
Form subdivision Fiction.
650 #0 - SUBJECT ADDED ENTRY--TOPICAL TERM
Topical term or geographic name entry element Expatriation
Form subdivision Fiction.
650 #0 - SUBJECT ADDED ENTRY--TOPICAL TERM
Topical term or geographic name entry element Travelers
Form subdivision Fiction.
651 #0 - SUBJECT ADDED ENTRY--GEOGRAPHIC NAME
Geographic name Greece
Form subdivision Fiction.
655 #0 - INDEX TERM--GENRE/FORM
Genre/form data or focus term Psychological fiction.
655 #7 - INDEX TERM--GENRE/FORM
Genre/form data or focus term Fiction.
Source of term lcgft
Authority record control number or standard number https://id.loc.gov/authorities/genreForms/gf2014026339
942 ## - ADDED ENTRY ELEMENTS (KOHA)
Source of classification or shelving scheme
Koha item type Books - Fiction
Holdings
Withdrawn status Lost status Source of classification or shelving scheme Damaged status Not for loan Collection code Permanent Location Current Location Shelving location Date acquired Full call number Barcode Date last seen Price effective from Koha item type
          Fiction KH8 Senior School Library KH8 Senior School Library Fiction 2025-11-27 FIC BIN 3KHSL000102540 2025-11-27 2025-11-27 Books - Fiction

Powered By KH8 IT Dept